| 000 | 00605nab a2200157 4500 | ||
|---|---|---|---|
| 003 | ES-SlBCS | ||
| 005 | 20210327231242.0 | ||
| 008 | 160907s2015 bl ||||| |||| 00| 0 spa d | ||
| 040 |
_aES-SlBCS _bspa |
||
| 100 | 1 |
_aZilberstein Toruncha, José _9411205 |
|
| 245 | 1 | 0 |
_aDidáctica desarrolladora _b: posición desde el enfoque histórico cultural _cJosé Zilberstein Toruncha |
| 246 | 1 | 1 |
_aDevelopmental teaching _b: position from the historical-cultural approach |
| 650 | 0 | 0 |
_aDidáctica _992045 |
| 773 | 0 |
_gVol. 29, Nº 57, 2015, págs. 61-93 _tEducaçao e Filosofia _wRev1534 _x0102-6801 |
|
| 942 |
_2lcc _cAR |
||
| 999 |
_c858468 _d858468 |
||